Подробности
| 000 -МАРКЕР |
| контрольное поле |
01740nam0a2200313 4500 |
| 001 - ИДЕНТИФИКАТОР ЗАПИСИ |
| контрольное поле |
RU\NLR\b_ik\192397 |
| 005 - ИДЕНТИФИКАТОР ВЕРСИИ |
| контрольное поле |
20260406011413.0 |
| 010 ## - МЕЖДУНАРОДНЫЙ СТАНДАРТНЫЙ НОМЕР КНИГИ (ISBN) |
| Номер (ISBN) |
978-5-89428-532-0 |
| Тираж |
300 |
| 035 ## - ДРУГИЕ СИСТЕМНЫЕ НОМЕРА |
| Идентификатор записи |
(NLR Aleph) 002264838 |
| 100 ## - ДАННЫЕ ОБЩЕЙ ОБРАБОТКИ |
| Данные общей обработки |
20131026d2011 |||y0rusy50 ca |
| 101 1# - ЯЗЫК РЕСУРСА |
| Язык текста, звукозаписи и т.д. |
английский |
| Язык оригинала |
русский |
| 102 ## - СТРАНА ПУБЛИКАЦИИ ИЛИ ПРОИЗВОДСТВА |
| Страна публикации |
российская федерация |
| 105 ## - ПОЛЕ КОДИРОВАННЫХ ДАННЫХ: ТЕКСТОВЫЕ МАТЕРИАЛЫ, МОНОГРАФИЧЕСКИЕ |
| Кодированные данные о монографическом текстовом документе |
ab ||||||||| |
| 200 1# - ЗАГЛАВИЕ И СВЕДЕНИЯ ОБ ОТВЕТСТВЕННОСТИ |
| Основное заглавие |
Vasyugan mire |
| Сведения, относящиеся к заглавию |
natural conditions, structure and functioning |
| Первые сведения об ответственности |
L.I. Inisheva, A.A. Zemtsov, S.M. Novikov |
| Последующие сведения об ответственности |
under the gen. dir. of Corr. Mem. of the Russ. acad. of agricultural sciences Prof. Dr. L.I. Inisheva |
| -- |
[transl. from the Russ. by Dr. B.M. Klenov] |
| -- |
Russ. Acad. of agricultural sciences, Min. of education a. science of Russ. Federation, Tomsk state ped. univ. |
| 210 ## - ПУБЛИКАЦИЯ, РАСПРОСТРАНЕНИЕ И ДР. |
| Место издания, распространения и т.д. |
Tomsk |
| Имя издателя, распространителя и т. д. |
Publishing house of Tomsk state pedagogical university |
| Дата издания, распространения и т.д. |
2011 |
| 215 ## - ФИЗИЧЕСКАЯ ХАРАКТЕРИСТИКА |
| Специфическое обозначение материала и объем |
158 с. |
| Другие сведения о физической характеристике |
ил., цв. ил., карт. |
| Размеры |
25 |
| 320 ## - ПРИМЕЧАНИЯ О НАЛИЧИИ В ДОКУМЕНТЕ БИБЛИОГРАФИИ / УКАЗАТЕЛЯ |
| Текст примечания |
Библиогр.: с. 148-157 (147 назв.) |
| 541 0# - ПЕРЕВОД ЗАГЛАВИЯ, СДЕЛАННЫЙ КАТАЛОГИЗАТОРОМ |
| Заглавие |
Васюганское болото |
| Сведения, относящиеся к заглавию |
природные условия,структура и функционирование |
| Язык заглавия |
русский |
| 607 ## - ГЕОГРАФИЧЕСКОЕ НАИМЕНОВАНИЕ КАК ПРЕДМЕТ |
| Географическое наименование |
Большое Васюганское болото (Сибирь Западная) |
| Системный номер авторитетной/нормативной записи |
2184361 |
| Идентификатор авторитетной/нормативной записи |
RU\NLR\AUTH\661313366 |
| 686 1# - ИНДЕКСЫ ДРУГИХ КЛАССИФИКАЦИЙ |
| Индекс |
Д227.9(2Р53,3) |
| 686 1# - ИНДЕКСЫ ДРУГИХ КЛАССИФИКАЦИЙ |
| Индекс |
Д829(2Р53,3) |
| 700 #1 - ИМЯ ЛИЦА - ПЕРВИЧНАЯ ОТВЕТСТВЕННОСТЬ |
| Код отношения |
Автор |
| Материалы, к которым относится поле |
rus |
| Графика поля |
Латинская |
| Начальный элемент ввода |
Iniševa |
| Часть имени, кроме начального элемента ввода |
L. I. |
| Даты |
1947- |
| Расширение инициалов личного имени |
Lidija Ivanovna |
| Идентификатор авторитетной/нормативной записи |
RU\NLR\AUTH\77116899 |
| Системный номер авторитетной/нормативной записи |
99824 |
| 701 #1 - ИМЯ ЛИЦА - АЛЬТЕРНАТИВНАЯ ОТВЕТСТВЕННОСТЬ |
| Код отношения |
Автор |
| Материалы, к которым относится поле |
rus |
| Графика поля |
Латинская |
| Начальный элемент ввода |
Zemcov |
| Часть имени, кроме начального элемента ввода |
A. A. |
| Дополнения к именам, кроме дат |
д-р геогр. наук |
| Даты |
1920-2001 |
| Расширение инициалов личного имени |
Aleksej Anisimovič |
| Идентификатор авторитетной/нормативной записи |
RU\NLR\AUTH\77116892 |
| Системный номер авторитетной/нормативной записи |
99817 |
| 701 #1 - ИМЯ ЛИЦА - АЛЬТЕРНАТИВНАЯ ОТВЕТСТВЕННОСТЬ |
| Код отношения |
Автор |
| Материалы, к которым относится поле |
rus |
| Графика поля |
Латинская |
| Начальный элемент ввода |
Novikov |
| Часть имени, кроме начального элемента ввода |
S. M. |
| Дополнения к именам, кроме дат |
канд. техн. наук, гидрология |
| Расширение инициалов личного имени |
Sergej Michajlovič |
| Идентификатор авторитетной/нормативной записи |
RU\NLR\AUTH\77116895 |
| Системный номер авторитетной/нормативной записи |
99820 |
| 801 #0 - ИСТОЧНИК ЗАПИСИ |
| Страна |
российская федерация |
| Организация |
NLR |
| Дата составления |
20111110 |
| Правила каталогизации |
RCR |
| 942 ## - ДОПОЛНИТЕЛЬНЫЕ ЭЛЕМЕНТЫ ЗАПИСИ (АБИС) |
| Тип экземпляра АБИС |
Книга |
| 980 ## - КОЛЛЕКЦИЯ |
| Название коллекции |
Национальная библиография |